Vacationland / Sarah Stonich.
Available copies
- 3 of 3 copies available at LARL/NWRL Consortium. (Show)
- 1 of 1 copy available at Northwest Regional Library.
Current holds
0 current holds with 3 total copies.
Show Only Available Copies
| Location | Call Number / Copy Notes | Barcode | Shelving Location | Status | Due Date |
|---|---|---|---|---|---|
| Thief River Falls Public Library | STO (Text) | 35500005168800 | Main | Available | - |
Record details
- ISBN: 9780816687664 (pb : acid-free paper)
- ISBN: 0816687668 (pb : acid-free paper)
- Physical Description: 301 pages ; 21 cm
- Publisher: Minneapolis : University of Minnesota Press, 2013
Content descriptions
| Summary, etc.: | "On a lake in northernmost Minnesota, you might ... Read More |
Search for related items by subject
| Subject: | Minnesota > Fiction. |
Search for related items by series
| LDR | 01902cam a2200373 i 4500 | ||
|---|---|---|---|
| 001 | 152182 | ||
| 003 | LARL_NWRL_CONSORTIUM | ||
| 005 | 20250529142257.0 | ||
| 008 | 130130s2013 mnu s000 f eng | ||
| 010 | . | ‡a2012048343 | |
| 019 | . | ‡a833089066 ‡a833184608 | |
| 020 | . | ‡a9780816687664 (pb : acid-free paper) | |
| 020 | . | ‡a0816687668 (pb : acid-free paper) | |
| 035 | . | ‡a(OCoLC)816563904 ‡z(OCoLC)833089066 ‡z(OCoLC)833184608 | |
| 040 | . | ‡aDLC ‡erda ‡beng ‡cDLC ‡dYDX ‡dYDXCP ‡dBTCTA ‡dOCLCO ‡dBDX ‡dIMF ‡dDAD ‡dBWX ‡dCDX | |
| 042 | . | ‡apcc | |
| 082 | 0 | 0. | ‡a813/.54 ‡223 |
| 100 | 1 | . | ‡aStonich, Sarah, ‡d1958- ‡0(LARL_NWRL_CONSORTIUM)43520 |
| 245 | 1 | 0. | ‡aVacationland / ‡cSarah Stonich. |
| 260 | . | ‡aMinneapolis : ‡bUniversity of Minnesota Press, ‡c2013 | |
| 300 | . | ‡a301 pages ; ‡c21 cm | |
| 336 | . | ‡atext ‡2rdacontent | |
| 337 | . | ‡aunmediated ‡2rdamedia | |
| 338 | . | ‡avolume ‡2rdacarrier | |
| 490 | 0 | . | ‡aNorthern trilogy ; ‡v1 |
| 520 | . | ‡a"On a lake in northernmost Minnesota, you might find Naledi Lodge--only two cabins still standing, its pathways now trodden mostly by memories. And there you might meet Meg, or the ghost of the girl she was, growing up under her grandfather's care in a world apart and a lifetime ago. Now an artist, Meg paints images "reflected across the mirrors of memory and water," much as the linked stories of "Vacationla nd" cast shimmering spells across distance and time."--Provided by publisher. | |
| 651 | 0. | ‡aMinnesota ‡vFiction. ‡0(LARL_NWRL_CONSORTIUM)166041 | |
| 901 | . | ‡a152182 ‡bOCLC ‡c152182 ‡tbiblio | |

Add to basket
Permalink
Disable Highlighting